| Tag |
First Indicator |
Second Indicator |
Subfields |
| LEADER |
00000cam a2200000 a 4500 |
| 001 |
in00004469821 |
| 005 |
20191202142944.0 |
| 008 |
760702s1974 cau 00100 engm |
| 035 |
|
|
|a (OCoLC)02295340
|
| 035 |
|
|
|9 AAD4293MS
|
| 035 |
|
|
|z (UtOrBLW)10295
|
| 035 |
|
|
|a 19112
|
| 040 |
|
|
|a DLC
|c FTU
|d m.c.
|d TMV
|d UtOrBLW
|
| 049 |
|
|
|a TMVM
|c 1 [2841164]
|
| 060 |
|
0 |
|a WW 475
|b J54s 1974
|
| 100 |
1 |
|
|a Jensen, Bernard,
|d 1908-2001.
|
| 245 |
1 |
4 |
|a The science and practice of iridology :
|b a system of analyzing and caring for the body through the use of drugless and nature-cure methods /
|c Bernard Jensen.
|
| 264 |
|
1 |
|a Escondido, Calif. :
|b B. Jensen,
|c [1974]
|
| 264 |
|
4 |
|c ©1974
|
| 300 |
|
|
|a 372 pages :
|b illustrations ;
|c 26 cm.
|
| 336 |
|
|
|a text
|2 rdacontent
|b txt
|
| 337 |
|
|
|a unmediated
|2 rdamedia
|
| 338 |
|
|
|a volume
|2 rdacarrier
|b nc
|
| 500 |
|
|
|a Library copy rebound and lacks title page
|
| 500 |
|
|
|a Includes index.
|
| 520 |
8 |
|
|a History of medicine
|
| 650 |
|
2 |
|a Eye Manifestations.
|
| 650 |
|
2 |
|a Complementary Therapies.
|
| 948 |
|
|
|a Keep per EC, 2003 evaluation; retention reasons in 505, 520, 599, or 650 fields; 11/17/2003, sg.
|
| 999 |
|
|
|a MARS
|
| 999 |
f |
f |
|s 9f2e4173-8ecb-3123-84c5-f78aa4b9e5b4
|i 1f5985ec-384b-3abd-8bb8-d585c130a52a
|t 0
|
| 952 |
f |
f |
|p ric
|a Texas A&M University
|b Rellis Campus
|c Joint Library Facility
|d Remote Storage
|t 0
|e WW 475 J54s 1974
|h National Library of Medicine classification
|i unmediated -- volume
|m 3238901124886
|
| 998 |
f |
f |
|a WW 475 J54s 1974
|t 0
|l Remote Storage
|